000 01101nam a2200277Ia 4500
003 OSt
005 20220923211347.0
006 a|||||r|||| 00| 0
007 ta
008 220922b |||||||| |||| 00| 0 san d
020 _a9788183902946 (hbk)
_c800
024 _a353,303
037 _b328, 27/02/2020, Eastern Book Linkers
_cTextual
040 _aARTS
_cARTS
_bsan
041 _2san
_asan
082 _aR65,6:g, 152Q9
100 _aजितेन्द्र कुमार, ले.
_9160293
245 0 _aश्रीमद्भागवद्गीता एवम् शैक्षिक प्रौद्योगिकी
246 _aShrīmadbhāgavadgītā evam shaikṣhik praudyogikī
260 _aदिल्ली
_b अभिषेक प्रकाशन
_c2019
300 _a176पृ0
_ccm.
650 _a भगवत् गीता
650 _aभारतीय दर्शन
942 _hR65,6:g, 152Q9
_cTEXL
_2CC
999 _c298754
_d298754